Poupátka /
Román zpracovává téma sexuálního zneužívání dětí. Jedenáctiletá dívka, která nenachází uspokojivé mezilidské vztahy ani odpovědi na základní otázky dobra a zla, je o to zranitelnější obětí manipulace a zneužívání.
Uloženo v:
| Hlavní autor: | |
|---|---|
| Další autoři: | , |
| Médium: | E-audiokniha |
| Jazyk: | Czech |
| Vydáno: |
Praha :
Voxi,
[2023]
|
| Témata: | |
| Tagy: |
Žádné tagy |
| LEADER | 04410nim a2200853 i 4500 | ||
|---|---|---|---|
| 001 | 313150 | ||
| 003 | CZ PrSKC | ||
| 005 | 20260601215736.0 | ||
| 007 | sd fungnnmmned | ||
| 008 | 230317t20232023xr nnnng f n cze | ||
| 015 | |a cnb003507892 | ||
| 024 | 3 | |a 8594050435230 | |
| 040 | |a ABA001 |b cze |e rda | ||
| 072 | 7 | |a 821.162.3-3 |x Česká próza |2 Konspekt | |
| 080 | |a 364.633-053.2 |2 MRF | ||
| 080 | |a 821.162.3-31 |2 MRF | ||
| 080 | |a (0:82-311.1) |2 MRF | ||
| 080 | |a (086.7)08 |2 MRF | ||
| 080 | |a (086.76) |2 MRF | ||
| 100 | 1 | |a Lehečková, Hana D., |d 1990- |7 xx0227052 |4 aut | |
| 245 | 1 | 0 | |a Poupátka / |c Hana D. Lehečková |
| 264 | 1 | |a Praha : |b Voxi, |c [2023] | |
| 264 | 4 | |c ©2023 | |
| 300 | |a 1 audiodisk (7 hod., 30 min.) ; |c 12 cm | ||
| 306 | |a 073000 | ||
| 336 | |a mluvené slovo |b spw |2 rdacontent | ||
| 337 | |a audio |b s |2 rdamedia | ||
| 338 | |a audiodisk |b sd |2 rdacarrier | ||
| 344 | |a digital |b optical |2 rda | ||
| 347 | |a audio soubor |b MP3 |2 rda | ||
| 500 | |a Název z disku | ||
| 500 | |a Copyright Albatros Media | ||
| 500 | |a Nezkrácená audiokniha ve formátu mp3 | ||
| 508 | |a Režie Jindřiška Nováková | ||
| 511 | 0 | |a Čte Martha Issová | |
| 520 | 2 | |a Román zpracovává téma sexuálního zneužívání dětí. Jedenáctiletá dívka, která nenachází uspokojivé mezilidské vztahy ani odpovědi na základní otázky dobra a zla, je o to zranitelnější obětí manipulace a zneužívání. |b Divadlo umí okouzlit. Ví to i jedenáctiletá Františka, která se po škole víc než domů těší do dramatického kroužku. Proč však vedoucí Mirek své divadelní partě zakazuje kamarádit se s jinými dětmi? Proč tvrdí, že správná herečka musí režisérovi vždy zcela důvěřovat, a nutí své svěřenkyně se svlékat? Zdá se, že ospalé městečko, kde Františka žije, má už řadu let závažné tajemství - tajemství, o kterém všichni tak nějak vědí, ale promluvit nechce nikdo. Nakladatelská anotace. | |
| 650 | 0 | 7 | |a sexuálně zneužívané děti |7 ph115772 |2 czenas |
| 655 | 7 | |a české romány |7 fd133974 |2 czenas | |
| 655 | 7 | |a psychologické romány |7 fd278579 |2 czenas | |
| 655 | 7 | |a audioknihy |7 fd119452 |2 czenas | |
| 655 | 7 | |a kompaktní disky |7 fd201991 |2 czenas | |
| 700 | 1 | |a Nováková, Jindřiška, |d 1954- |7 jn20010601354 |4 drt | |
| 700 | 1 | |a Issová, Martha, |d 1981- |7 js20051128007 |4 nrt | |
| 900 | |a ABA001 |b 18 | ||
| 044 | |a xr | ||
| 505 | 0 | 0 | |t 01_Do Racku je vstup zakazany (27 min., 46 sek.) |
| 505 | 0 | 0 | |t 02_Zensky tlachaj o picovinach (8 min., 55 sek.) |
| 505 | 0 | 0 | |t 03_Herci musi reziserovi prokazovat uctu a respekt (19 min., 59 sek.) |
| 505 | 0 | 0 | |t 04_Staci zapnout mozek (8 min., 37 sek.) |
| 505 | 0 | 0 | |t 05_Jako zazrakem pomerance na vetvich pomerancovniku (31 min., 28 sek.) |
| 505 | 0 | 0 | |t 06_Jako zazrakem pomerance na vetvich pomerancovniku_Pokracovani (37 min., 32 sek.) |
| 505 | 0 | 0 | |t 07_Holky na uceni moc nejsou (15 min., 52 sek.) |
| 505 | 0 | 0 | |t 08_Jeden tejden se to bez tebe nezblazni (9 min., 52 sek.) |
| 505 | 0 | 0 | |t 09_Kouri jenom fetaci (13 min., 41 sek.) |
| 505 | 0 | 0 | |t 10_Pavel je asocial (12 min., 18 sek.) |
| 505 | 0 | 0 | |t 11_Pres Vanoce mi je nezabijte (14 min., 16 sek.) |
| 505 | 0 | 0 | |t 12_Mama te moc rada nema (9 min., 14 sek.) |
| 505 | 0 | 0 | |t 13_Nejhezci je prirozenost (26 min., 28 sek.) |
| 505 | 0 | 0 | |t 14_Herodes, to byl kral (30 min., 24 sek.) |
| 505 | 0 | 0 | |t 15_Herodes, to byl kral_Pokracovani (25 min., 0 sek.) |
| 505 | 0 | 0 | |t 16_Netykavky (12 min., 22 sek.) |
| 505 | 0 | 0 | |t 17_Moje poupatka (23 min., 17 sek.) |
| 505 | 0 | 0 | |t 18_Absolutni sblizeni (9 min., 4 sek.) |
| 505 | 0 | 0 | |t 19_Proc citim chlad a ruce me zebou (8 min., 2 sek.) |
| 505 | 0 | 0 | |t 20_Ja lituji te ve tvem bednem osudu (18 min., 0 sek.) |
| 505 | 0 | 0 | |t 21_Nebylo to moc (27 min., 45 sek.) |
| 505 | 0 | 0 | |t 22_Nebylo to moc_Pokracovani (21 min., 27 sek.) |
| 505 | 0 | 0 | |t 23_Co jsi to proboha za sestru (7 min., 53 sek.) |
| 505 | 0 | 0 | |t 24_A tobe neco delal (10 min., 44 sek.) |
| 505 | 0 | 0 | |t 25_Nevim, a ty (11 min., 28 sek.) |
| 505 | 0 | 0 | |t 26_Nikdy se nezastavi (8 min., 16 sek.) |
| 910 | |a RBIT002 | ||
| 998 | |d 364970 |a https://core.palmknihy.cz/api/books/364970/cover?sj9fgv |b https://core.palmknihy.cz/api/books/364970/cover/400?sj9fgv |c https://core.palmknihy.cz/api/books/364970/cover/50?sj9fgv |e 2031-12-31 |i 8594050435230 |l 27000 |q 49 |r 1 |s https://www.palmknihy.cz/kniha/364970 |t audiobook |y 2022 |z 0 | ||
| 999 | |d 313148 | ||